Sports Quiz

Random Sports or NFL Quiz

NFL Week 1 Yards and TDs (2012) Quiz Stats

 Plays Quiz not verified by Sporcle

Also try: NFL Mascot Blitz
Challenge
Share
Tweet
Embed
Score 0/54 Timer 05:00
0 Plays Today
% Correct
Peyton Manning
95%
Robert Griffin III
91.9%
Robert Griffin III
91.9%
Tom Brady
90%
Drew Brees
89.1%
Drew Brees
89.1%
Steve Smith (CAR)
88.2%
Alex Smith
88.2%
Aaron Rodgers
87.3%
Aaron Rodgers
87.3%
Calvin Johnson
85.5%
Andre Johnson
84.6%
Matthew Stafford
81.4%
Julio Jones
81%
Julio Jones
81%
Tony Romo
80.5%
Tony Romo
80.5%
Michael Vick
79.6%
Michael Vick
79.6%
Ray Rice
79.6%
Cam Newton
79.2%
Matt Ryan
79.2%
Matt Ryan
79.2%
Adrian Peterson
79.2%
Andrew Luck
77.8%
Joe Flacco
75.1%
Joe Flacco
75.1%
% Correct
Jay Cutler
73.8%
Jay Cutler
73.8%
Arian Foster
73.8%
Mark Sanchez
73.3%
Ben Roethlisberger
70.6%
LeSean McCoy
67.9%
DeMarco Murray
60.2%
Frank Gore
57%
Michael Bush
57%
Shonn Greene
56.6%
Ryan Fitzpatrick
56.6%
C.J. Spiller
55.7%
Brandon Marshall
55.7%
Alfred Morris
51.1%
Alfred Morris
51.1%
Kevin Ogletree
49.3%
Kevin Ogletree
49.3%
Demaryius Thomas
45.7%
Jamaal Charles
45.2%
BenJarvus Green-Ellis
43.4%
Doug Martin
43%
Stevan Ridley
40.7%
Blaine Gabbert
40.7%
Reggie Wayne
39.8%
Stephen Hill
39.8%
Pierre Garcon
37.1%
Lance Moore
30.3%

You're not logged in!

Compare scores with friends on all Sporcle quizzes.
OR
Log In

You Might Also Like...

Show Comments

Extras

Top Quizzes Today


Score Distribution

Your Account Isn't Verified!

In order to create a playlist on Sporcle, you need to verify the email address you used during registration. Go to your Sporcle Settings to finish the process.

Report this User

Report this user for behavior that violates our Community Guidelines.

Details: